000 00244nam a2200097Ia 4500
001 652762
005 20250826154444.0
008 250824s9999 xx 000 0 und d
245 0 _aBEYAZ DİŞ
_cJACK LONDON
260 _bANTİK DÜNYA KLASİKLERİ
999 _c652762
_d652762